| 000 | 01295cam a22003377a 4500 | ||
|---|---|---|---|
| 999 |
_c7218 _d7218 |
||
| 001 | 16550344 | ||
| 003 | OSt | ||
| 005 | 20210910110959.0 | ||
| 008 | 101123s2011 enka b 001 0 eng | ||
| 010 | _a 2010941693 | ||
| 015 |
_aGBB0A6927 _2bnb |
||
| 016 | 7 |
_a015643541 _2Uk |
|
| 020 | _a9780199558926 (hbk.) | ||
| 020 | _a0199558922 (hbk.) | ||
| 035 | _a(OCoLC)ocn663438427 | ||
| 040 |
_aUKM _cDDC _dYDXCP _dBOH _dCDX _dDLC |
||
| 042 | _alccopycat | ||
| 050 | 0 | 0 |
_aQK495.P17 _bT62 2011 |
| 082 | 0 | 4 | _a571.32TOM2011 |
| 100 | 1 |
_aTomlinson, P. B. _q(Philip Barry), _d1932- _914839 |
|
| 245 | 1 | 4 |
_aThe anatomy of palms : _bArecaceae - Palmae _cEdited by Tomlinson,Barry P.; Horn,James W. and Fisher,Jack B. |
| 260 |
_aOxford : _bOxford University Press, _c2011. |
||
| 300 |
_axxi,251p; _bill. (some col.) ; _c29 cm. |
||
| 504 | _aIncludes; bibliographical references (p. 241-246) and indexes. | ||
| 650 | 0 |
_aBiology _95602 |
|
| 700 | 1 |
_aHorn, James W. _914840 |
|
| 700 | 1 |
_aFisher, Jack B. _914841 |
|
| 906 |
_a7 _bcbc _ccopycat _d2 _encip _f20 _gy-gencatlg |
||
| 942 |
_2ddc _cO_SHELF |
||